La historia del Mundo Nuevo / (Record no. 3981)

MARC details
000 -LEADER
campo de control de longitud fija 01404cam a22003251i 4500
001 - NÚMERO DE CONTROL
campo de control 29524
005 - FECHA Y HORA DE LA ÚLTIMA TRANSACCIÓN
campo de control 20230404125743.0
008 - DATOS DE LONGITUD FIJA--INFORMACIÓN GENERAL
campo de control de longitud fija 771205r1967 ve a b 000 0 spa
035 ## - NÚMERO DE CONTROL DEL SISTEMA
-- (DLC) 75401764
035 ## - NÚMERO DE CONTROL DEL SISTEMA
Número de control de sistema 1278763
050 14 - SIGNATURA TOPOGRÁFICA DE LA BIBLIOTECA DEL CONGRESO
Número de clasificación 000 E 141
Número de ítem B479h 1967
082 00 - NÚMERO DE LA CLASIFICACIÓN DECIMAL DEWEY
Número de clasificación 970.01
100 1# - ENTRADA PRINCIPAL--NOMBRE DE PERSONA
Nombre de persona Benzoni, Girolamo,
Fechas asociadas al nombre b. 1519.
245 13 - MENCIÓN DEL TÍTULO
Título La historia del Mundo Nuevo /
Mención de responsabilidad, etc. M. Girolamo Benzoni ; traducción y notas de Marisa Vannini de Gerulewicz ; estudio preliminar de León Croizat.
260 ## - PUBLICACIÓN, DISTRIBUCIÓN, ETC.
Lugar de publicación, distribución, etc. Caracas :
Nombre del editor, distribuidor, etc. Academia Nacional de Historia,
Fecha de publicación, distribución, etc. 1967.
300 ## - DESCRIPCIÓN FÍSICA
Extensión xciv, 297 p. :
Otras características físicas ill. ;
Dimensiones 23 cm.
440 #0 - MENCIÓN DE SERIE/PUNTO DE ACCESO ADICIONAL--TÍTULO
Título Biblioteca de la Academia Nacional de la Historia.
Nombre de parte o sección de la obra Fuentes para la historia colonial de Venezuela ;
Designación de volumen o secuencia 86
500 ## - NOTA GENERAL
Nota general Translation of: La historia del mondo nuovo.
504 ## - NOTA DE BIBLIOGRAFÍA, ETC.
Nota de bibliografía, etc. Includes bibliographical references and index.
651 #0 - PUNTO DE ACCESO ADICIONAL DE MATERIA--NOMBRE GEOGRÁFICO
Nombre geográfico America
Subdivisión de forma Early accounts to 1600.
651 #0 - PUNTO DE ACCESO ADICIONAL DE MATERIA--NOMBRE GEOGRÁFICO
Nombre geográfico Latin America
Subdivisión general History
Subdivisión cronológica To 1600.
651 #0 - PUNTO DE ACCESO ADICIONAL DE MATERIA--NOMBRE GEOGRÁFICO
Nombre geográfico Latin America
Subdivisión general Description and travel
Subdivisión de forma Early works to 1800.
651 #0 - PUNTO DE ACCESO ADICIONAL DE MATERIA--NOMBRE GEOGRÁFICO
Nombre geográfico America
Subdivisión general Discovery and exploration
-- Spanish.
651 #0 - PUNTO DE ACCESO ADICIONAL DE MATERIA--NOMBRE GEOGRÁFICO
Nombre geográfico Spain
Subdivisión general Colonies
Subdivisión geográfica America
Subdivisión general Administration
-- History
Subdivisión cronológica 16th century.
650 #0 - PUNTO DE ACCESO ADICIONAL DE MATERIA--TÉRMINO DE MATERIA
Término de materia o nombre geográfico como elemento de entrada Indians, Treatment of
Subdivisión geográfica Latin America
Subdivisión general History
Subdivisión cronológica 16th century.
600 10 - PUNTO DE ACCESO ADICIONAL DE MATERIA--NOMBRE DE PERSONA
Nombre de persona Benzoni, Girolamo.
Fechas asociadas al nombre d. 1519
Subdivisión general Travel
Subdivisión geográfica Latin America.
700 2# - ENTRADA AGREGADA--NOMBRE PERSONAL
Nombre de persona Vannini de Gerulewicz, Marisa.
700 1# - ENTRADA AGREGADA--NOMBRE PERSONAL
Nombre de persona Croizat, León,
Fechas asociadas al nombre 1894-
942 ## - ELEMENTOS DE ENTRADA SECUNDARIOS (KOHA)
Fuente del sistema de clasificación o colocación Clasificación de Library of Congress
Tipo de ítem Koha
Holdings
Estatus retirado Estado de pérdida Fuente del sistema de clasificación o colocación Estado de daño No para préstamo Colección Biblioteca de origen Biblioteca actual Ubicación en estantería Fecha de adquisición Serial enumeration / chronology Total checkouts Signatura topográfica completa Código de barras Visto por última vez Copia número Precio de reemplazo Tipo de ítem Koha
    Clasificación de Library of Congress     Recursos Regionales Biblioteca Juan Bosch Biblioteca Juan Bosch Recursos Regionales (2do. Piso) 04/04/2023 1   000 E 141 B479h 1967 00000029625 23/10/2018 1 23/10/2018